| 000 | 00647cam a22002053a 4500 | ||
|---|---|---|---|
| 001 | 41105 | ||
| 003 | PGUSA | ||
| 005 | 20140828083927.0 | ||
| 008 | 121018s2012||||xxu|||||s|||||000 | eng d | ||
| 040 |
_aPGUSA _beng |
||
| 042 | _adc | ||
| 100 | 1 | _aMacdonald, Frederika | |
| 245 | 1 | 4 |
_aThe Secret of Charlotte Brontë : _bFollowed by Remiiscences of the real Monsieur and Madame Heger _h[electronic resource] / _cFrederika Macdonald |
| 260 |
_bProject Gutenberg, _c2012 |
||
| 506 | _aPublic domain in the USA. | ||
| 516 | _aElectronic text | ||
| 830 | 0 |
_aProject Gutenberg _v41105 |
|
| 856 | 4 | 0 | _uhttp://www.gutenberg.org/ebooks/41105 |
| 942 | _cEB | ||
| 999 |
_c270357 _d270357 |
||